header

The effects of race and family attachment on self-esteem, self-control, and delinquency (Record no. 40755)

MARC details
000 -LEADER
fixed length control field 01906nam a22003854a 4500
100 1# - MAIN ENTRY--AUTHOR NAME
Personal name Owens-Sabir, Mahasin Cecelia.
245 14 - TITLE STATEMENT
Title The effects of race and family attachment on self-esteem, self-control, and delinquency
260 ## - PUBLICATION, DISTRIBUTION, ETC. (IMPRINT)
Place of publication New York :
Name of publisher LFB Scholarly Pub.,
Year of publication 2007.
300 ## - PHYSICAL DESCRIPTION
Number of Pages xi, 198 p. :
Other physical details ill.
490 1# - SERIES STATEMENT
Series statement Criminal justice : recent scholarship
505 0# - FORMATTED CONTENTS NOTE
Formatted contents note Social bonding, the general theory of deviance, and self-control -- The data set and variables -- Descriptive information -- Findings for full sample -- Findings for Native Americans -- Findings for African Americans -- Findings for whites -- Summary of racial group findings -- Findings for social bonding, self-esteem and self-control -- Summary and conclusions.
650 #0 - SUBJECT ADDED ENTRY--TOPICAL TERM
Topical Term Juvenile delinquency
Topical Term Families
Topical Term Race
Topical Term Self-esteem
Topical Term Self-control
856 40 - ELECTRONIC LOCATION AND ACCESS
Uniform Resource Identifier http://site.ebrary.com/lib/rucke/Doc?id=10225144

No items available.

© 2026 Rongo University
Contact us: librarian | system librarian | Rongo university